Grayscale Album Covers - Statistics

General Stats
  • This quiz has been taken 47 times
    37 since last reset
  • The average score is 9 of 16
Answer Stats
Picture Answer % Correct
Rumours
91%
21
85%
Revolver
85%
To Pimp a Butterfly
82%
Led Zeppelin
79%
Madvillainy
67%
"Heroes"
64%
A Moon Shaped Pool
52%
reputation
48%
Twin Fantasy
48%
Scorpion
45%
A Love Supreme
42%
Songs from the Big Chair
39%
Vespertine
33%
Beauty Behind the Madness
24%
Rebel Heart
9%
No matching quizzes found
Score Distribution
Percent of People with Each Score
Percentile by Number Answered
Your Score History
You have not taken this quiz since the last reset